Décodeur départements - Statistiques

Statistiques générales
  • Ce quiz a été pris 213 fois
  • Le résultat moyen est 11 sur 14
Statistiques - réponses
Numéro Département % Correct
13 Bouches-du-Rhône
91%
59 Nord
89%
38 Isère
84%
91 Essonne
82%
30 Gard
82%
26 Drôme
75%
27 Eure
75%
45 Loiret
74%
73 Savoie
74%
10 Aube
73%
58 Nièvre
73%
80 Somme
71%
36 Indre
70%
Préfecture mystère Digne-les-Bains
61%
Aucun quiz correspondant
Distribution des résultats
% des personnes avec chaque résultat
Percentile par nombre de réponses
Votre historique - résultats
Vous n’avez pas pris ce quiz